Pronunciación de Kanjis - Estadísticas

Estadísticas generales
  • Esta prueba ha sido intentada 14 veces
  • La puntuación promedio es 30 de 50
Estadísticas de respuestas
Español Kanji Pronunciación % Correcto
Mediodía Go
100%
Idioma Go
100%
Comida Gohan
90%
Ver 見る Miru
90%
Mar Umi
90%
Rojo 赤い Akai
80%
Azul 青い Aoi
80%
Padre Chichi
80%
Estación (de tren) Eki
80%
Madre Haha
80%
Ir 行く Iku
80%
Escribir 書く Kaku
80%
Espíritu Ki
80%
Frente a Mae
80%
Beber 飲む Nomu
80%
Blanco Shiro
80%
Comer 食べ Tabe
80%
Leer 読む Yomu
80%
Lluvia Ame
70%
Escuchar 聞く Kiku
70%
Venir 来る Kuru
70%
Alto/Caro 高い Takai
70%
Nuevo 新しい Atarashii
60%
Hablar 話しる Hanashiru
60%
Automóvil Kuruma
60%
Cada Mai
60%
Cielo/Vacío Sora
60%
Paraíso Ten
60%
Electricidad Den
50%
Norte Kita
50%
Sur Minami
50%
Empresa Sha
50%
Caballo Uma
50%
Vaca Ushi
50%
Oración Bun
40%
Origen Gen
40%
Este Higashi
40%
Decir Iu
40%
Oreja Mimi
40%
Oeste 西 Nishi
40%
Adelante Saki
40%
Año Toshi
40%
Vender 売る Uru
40%
Atrás Ushiro
40%
Duración Aida
30%
Plata Gin
30%
Puerta Mon
30%
Interior Uchi
30%
Arroz Okome
10%
Pez Sanaka
10%
No se encontraron pruebas coincidentes
Distribución de puntuación
Porcentaje de gente con cada puntuación
Porcentaje por número respondido
Historial de tus puntuaciones
No has intentado esta prueba.